[Event "DEM U16 2021"]
[Site "Willingen GER"]
[Date "2021.08.26"]
[Round "5"]
[White "Haufe, Laurin"]
[Black "Weihrauch, Jakob"]
[Result "1-0"]
[Termination "normal"]
[Board "5"]
[WhiteElo "2013"]
[BlackElo "2137"]
[WhiteClock "00:02:11"]
[BlackClock "00:00:37"]
[PlyCount "105"]
[WhiteFideId "12976504"]
[BlackFideId "16210115"]
[EventCountry "GER"]
[EventRounds "9"]
[EventType "swiss"]
[EventDate "2021.08.22"]

1. e4 {[%clk 1:30:57]} c5 {[%clk 1:30:52]} 2. Nf3 {[%clk 1:31:22]} d6 {[%clk
1:31:17]} 3. d4 {[%clk 1:31:48]} cxd4 {[%clk 1:31:40]} 4. Nxd4 {[%clk 1:32:14]}
Nf6 {[%clk 1:32:04]} 5. Nc3 {[%clk 1:32:39]} a6 {[%clk 1:32:29]} 6. h4 {[%clk
1:33:04]} e5 {[%clk 1:32:48]} 7. Nb3 {[%clk 1:33:29]} Be7 {[%clk 1:26:13]} 8.
Bg5 {[%clk 1:33:04]} Be6 {[%clk 1:26:12]} 9. Bxf6 {[%clk 1:32:18]} Bxf6 {[%clk
1:26:35]} 10. g3 {[%clk 1:32:46]} Be7 {[%clk 1:25:27]} 11. Qd3 {[%clk 1:33:06]}
Nd7 {[%clk 1:24:16]} 12. O-O-O {[%clk 1:31:06]} b5 {[%clk 1:20:04]} 13. f4
{[%clk 1:27:38]} b4 {[%clk 1:14:04]} 14. Nd5 {[%clk 1:28:00]} Bxd5 {[%clk
1:14:26]} 15. Qxd5 {[%clk 1:28:24]} O-O {[%clk 1:13:21]} 16. Qb7 {[%clk
1:23:00]} Rb8 {[%clk 1:05:59]} 17. Qxa6 {[%clk 1:22:12]} Ra8 {[%clk 1:06:06]}
18. Qb7 {[%clk 1:21:09]} Rxa2 {[%clk 1:04:49]} 19. Ba6 {[%clk 1:16:43]} exf4
{[%clk 0:50:40]} 20. gxf4 {[%clk 1:08:52]} Nc5 {[%clk 0:50:23]} 21. Nxc5 {[%clk
1:09:04]} Ra1+ {[%clk 0:50:50]} 22. Kd2 {[%clk 1:09:29]} dxc5+ {[%clk 0:51:16]}
23. Ke2 {[%clk 1:09:53]} Rxd1 {[%clk 0:51:38]} 24. Rxd1 {[%clk 1:10:19]} Qa8
{[%clk 0:26:13]} 25. Qxe7 {[%clk 1:05:36]} Qxa6+ {[%clk 0:26:29]} 26. Ke3
{[%clk 1:02:30]} Qa5 {[%clk 0:19:08]} 27. f5 {[%clk 0:56:55]} c4 {[%clk
0:18:18]} 28. e5 {[%clk 0:46:04]} h6 {[%clk 0:12:42]} 29. f6 {[%clk 0:40:39]}
Qb6+ {[%clk 0:11:19]} 30. Kf3 {[%clk 0:25:34]} Qc6+ {[%clk 0:11:06]} 31. Kf4
{[%clk 0:24:25]} Qb6 {[%clk 0:09:49]} 32. Kf3 {[%clk 0:15:44]} Qc6+ {[%clk
0:10:10]} 33. Kg3 {[%clk 0:14:53]} Qb6 {[%clk 0:06:32]} 34. Kg4 {[%clk
0:15:01]} Qb8 {[%clk 0:02:52]} 35. e6 {[%clk 0:06:07]} Kh7 {[%clk 0:01:26]} 36.
exf7 {[%clk 0:05:01]} Qc8+ {[%clk 0:00:40]} 37. Rd7 {[%clk 0:01:30]} Qa8 {[%clk
0:00:41]} 38. fxg7 {[%clk 0:01:18]} Qg2+ {[%clk 0:01:05]} 39. Kf4 {[%clk
0:01:36]} Qf2+ {[%clk 0:00:41]} 40. Ke5 {[%clk 0:01:35]} Kxg7 {[%clk 0:00:42]}
41. Kd6 {[%clk 0:23:10]} Qd4+ {[%clk 0:15:06]} 42. Kc7 {[%clk 0:19:03]} Qf4+
{[%clk 0:13:24]} 43. Kb7 {[%clk 0:14:01]} Qf3+ {[%clk 0:11:21]} 44. Ka7 {[%clk
0:11:53]} Ra8+ {[%clk 0:07:11]} 45. Kb6 {[%clk 0:12:12]} Qf2+ {[%clk 0:06:10]}
46. Kb5 {[%clk 0:01:56]} Rb8+ {[%clk 0:04:14]} 47. Rb7 {[%clk 0:01:57]} Rxb7+
{[%clk 0:04:09]} 48. Qxb7 {[%clk 0:02:21]} Qxh4 {[%clk 0:02:39]} 49. Kxb4
{[%clk 0:02:18]} Qf4 {[%clk 0:02:48]} 50. Qe7 {[%clk 0:01:46]} Qd2+ {[%clk
0:00:57]} 51. Kc5 {[%clk 0:01:31]} Qf2+ {[%clk 0:01:13]} 52. Kb5 {[%clk
0:01:45]} Qf5+ {[%clk 0:00:37]} 53. Kb4 {[%clk 0:02:11]} 1-0

[Event "DEM U16 2021"]
[Site "Willingen GER"]
[Date "2021.08.26"]
[Round "5"]
[White "Musiolik, David"]
[Black "Eilenberg, Jonas"]
[Result "0-1"]
[Termination "normal"]
[Board "6"]
[WhiteElo "2286"]
[BlackElo "2087"]
[WhiteClock "00:01:21"]
[BlackClock "00:05:20"]
[PlyCount "50"]
[WhiteFideId "12972355"]
[BlackFideId "16204271"]
[EventCountry "GER"]
[EventRounds "9"]
[EventType "swiss"]
[EventDate "2021.08.22"]

1. e4 {[%clk 1:30:49]} e6 {[%clk 1:30:53]} 2. d4 {[%clk 1:31:15]} d5 {[%clk
1:31:18]} 3. Nc3 {[%clk 1:31:35]} Nf6 {[%clk 1:31:40]} 4. e5 {[%clk 1:32:00]}
Nfd7 {[%clk 1:32:05]} 5. f4 {[%clk 1:32:17]} c5 {[%clk 1:32:28]} 6. Nf3 {[%clk
1:32:32]} Nc6 {[%clk 1:32:53]} 7. Be3 {[%clk 1:32:46]} Rb8 {[%clk 1:33:14]} 8.
Be2 {[%clk 1:14:20]} cxd4 {[%clk 1:29:41]} 9. Nxd4 {[%clk 1:13:21]} Bc5 {[%clk
1:29:19]} 10. Qd2 {[%clk 1:11:35]} O-O {[%clk 1:13:08]} 11. O-O-O {[%clk
1:08:55]} Qe7 {[%clk 1:06:00]} 12. h4 {[%clk 1:00:40]} f6 {[%clk 0:48:10]} 13.
exf6 {[%clk 0:58:27]} Qxf6 {[%clk 0:43:28]} 14. g3 {[%clk 0:54:03]} Bb4 {[%clk
0:39:59]} 15. Bf3 {[%clk 0:51:01]} Nb6 {[%clk 0:36:18]} 16. Qd3 {[%clk
0:37:45]} Kh8 {[%clk 0:20:18]} 17. h5 {[%clk 0:26:41]} Nc4 {[%clk 0:14:10]} 18.
Bf2 {[%clk 0:16:55]} h6 {[%clk 0:13:18]} 19. Rhe1 {[%clk 0:13:31]} Bd7 {[%clk
0:12:55]} 20. Re2 {[%clk 0:11:29]} Rfc8 {[%clk 0:11:28]} 21. Bg4 {[%clk
0:09:42]} N6e5 {[%clk 0:05:50]} 22. fxe5 {[%clk 0:07:39]} Qg5+ {[%clk 0:06:14]}
23. Kb1 Qxg4 {[%clk 0:06:37]} 24. Nf3 {[%clk 0:03:58]} Nxb2 {[%clk 0:05:51]}
25. Qd4 {[%clk 0:01:21]} Qxf3 {[%clk 0:05:20]} 0-1

[Event "DEM U16 2021"]
[Site "Willingen GER"]
[Date "2021.08.26"]
[Round "5"]
[White "Laux, Dominik"]
[Black "Albert, Markus"]
[Result "1-0"]
[Termination "normal"]
[Board "7"]
[WhiteElo "2085"]
[BlackElo "1951"]
[WhiteClock "00:23:19"]
[BlackClock "00:04:38"]
[PlyCount "111"]
[WhiteFideId "12994219"]
[BlackFideId "16292626"]
[EventCountry "GER"]
[EventRounds "9"]
[EventType "swiss"]
[EventDate "2021.08.22"]

1. e4 {[%clk 1:30:45]} e5 {[%clk 1:29:55]} 2. Nf3 {[%clk 1:30:46]} Nc6 {[%clk
1:28:34]} 3. Bb5 {[%clk 1:30:42]} Nf6 {[%clk 1:28:35]} 4. d4 {[%clk 1:30:42]}
exd4 {[%clk 1:10:44]} 5. O-O {[%clk 1:30:47]} Be7 {[%clk 1:10:07]} 6. e5 {[%clk
1:26:47]} Ne4 {[%clk 1:09:08]} 7. Re1 {[%clk 1:25:14]} Nc5 {[%clk 1:04:08]} 8.
Nxd4 {[%clk 1:22:41]} a6 {[%clk 0:55:43]} 9. Bc4 {[%clk 1:12:13]} Nxd4 {[%clk
0:44:50]} 10. Qxd4 {[%clk 1:12:31]} O-O {[%clk 0:45:08]} 11. Nc3 {[%clk
1:11:35]} Ne6 {[%clk 0:35:04]} 12. Qe4 {[%clk 1:05:07]} Nc5 {[%clk 0:24:58]}
13. Qd4 {[%clk 1:01:09]} Ne6 {[%clk 0:18:07]} 14. Qe4 {[%clk 1:00:39]} Nc5
{[%clk 0:17:48]} 15. Qf3 {[%clk 0:59:27]} d6 {[%clk 0:16:12]} 16. Bf4 {[%clk
0:55:11]} Be6 {[%clk 0:13:35]} 17. Nd5 {[%clk 0:51:24]} Bxd5 {[%clk 0:12:31]}
18. Bxd5 {[%clk 0:44:27]} c6 {[%clk 0:11:55]} 19. exd6 {[%clk 0:44:37]} Bxd6
{[%clk 0:11:55]} 20. Bc4 {[%clk 0:44:51]} Bxf4 {[%clk 0:08:08]} 21. Qxf4 {[%clk
0:45:15]} b5 {[%clk 0:08:12]} 22. Be2 {[%clk 0:41:01]} Ne6 {[%clk 0:07:15]} 23.
Qe5 {[%clk 0:39:04]} Re8 {[%clk 0:04:44]} 24. Rad1 {[%clk 0:37:16]} Qa5 {[%clk
0:03:44]} 25. a3 {[%clk 0:23:19]} Rad8 {[%clk 0:03:28]} 26. Bf3 {[%clk
0:22:44]} Qb6 {[%clk 0:02:15]} 27. Rd6 {[%clk 0:18:53]} Qc7 {[%clk 0:01:08]}
28. Rxd8 {[%clk 0:15:14]} Rxd8 {[%clk 0:01:16]} 29. Qxc7 {[%clk 0:15:38]} Nxc7
{[%clk 0:01:42]} 30. Bxc6 {[%clk 0:16:05]} Rd2 {[%clk 0:01:33]} 31. Rc1 {[%clk
0:15:35]} Ne6 {[%clk 0:01:29]} 32. Kf1 {[%clk 0:14:26]} Kf8 {[%clk 0:01:23]}
33. Ke1 {[%clk 0:08:58]} Rd4 {[%clk 0:01:15]} 34. Bf3 {[%clk 0:08:47]} Nc5
{[%clk 0:01:04]} 35. Rd1 {[%clk 0:08:12]} Rc4 {[%clk 0:01:10]} 36. Kd2 {[%clk
0:06:18]} Ke7 {[%clk 0:01:04]} 37. b3 {[%clk 0:05:36]} Rf4 {[%clk 0:00:58]} 38.
Ke3 {[%clk 0:05:03]} Rf6 {[%clk 0:01:10]} 39. Rd5 {[%clk 0:04:34]} Nd7 {[%clk
0:01:05]} 40. c4 {[%clk 0:01:49]} bxc4 {[%clk 0:00:36]} 41. bxc4 {[%clk
0:01:20]} Rd6 {[%clk 0:27:18]} 42. Kd4 {[%clk 0:30:54]} Nf6 {[%clk 0:25:08]}
43. Rxd6 {[%clk 0:29:44]} Kxd6 {[%clk 0:25:31]} 44. c5+ {[%clk 0:30:07]} Kc7
{[%clk 0:24:51]} 45. Bd5 {[%clk 0:26:28]} Ng4 {[%clk 0:22:57]} 46. Bxf7 {[%clk
0:21:21]} Nxf2 {[%clk 0:10:24]} 47. Bh5 {[%clk 0:21:32]} g5 {[%clk 0:08:54]}
48. Ke3 {[%clk 0:21:21]} Nh1 {[%clk 0:08:23]} 49. Bf3 {[%clk 0:21:35]} g4
{[%clk 0:08:08]} 50. Bxg4 {[%clk 0:21:21]} Kc6 {[%clk 0:08:15]} 51. Kd4 {[%clk
0:21:45]} Nf2 {[%clk 0:07:59]} 52. Bf3+ {[%clk 0:22:12]} Kb5 {[%clk 0:08:15]}
53. c6 {[%clk 0:22:10]} Kb6 {[%clk 0:04:37]} 54. Ke3 {[%clk 0:22:26]} Nh1
{[%clk 0:04:56]} 55. g3 {[%clk 0:22:50]} Nxg3 {[%clk 0:04:38]} 56. hxg3 {[%clk
0:23:19]} 1-0

[Event "DEM U16 2021"]
[Site "Willingen GER"]
[Date "2021.08.26"]
[Round "5"]
[White "Müller, Magnus"]
[Black "Arakelian, Aik"]
[Result "0-1"]
[Termination "normal"]
[Board "8"]
[WhiteElo "2147"]
[BlackElo "2052"]
[WhiteClock "00:02:57"]
[BlackClock "00:04:35"]
[PlyCount "98"]
[WhiteFideId "16230060"]
[BlackFideId "16220340"]
[EventCountry "GER"]
[EventRounds "9"]
[EventType "swiss"]
[EventDate "2021.08.22"]

1. e4 {[%clk 1:30:51]} c5 {[%clk 1:30:18]} 2. Nf3 {[%clk 1:30:59]} d6 {[%clk
1:30:04]} 3. d4 {[%clk 1:31:04]} cxd4 {[%clk 1:30:10]} 4. Nxd4 {[%clk 1:31:29]}
Nf6 {[%clk 1:30:25]} 5. Nc3 {[%clk 1:31:54]} a6 {[%clk 1:26:27]} 6. Nb3 {[%clk
1:32:01]} g6 {[%clk 1:26:07]} 7. Be2 {[%clk 1:32:23]} Bg7 {[%clk 1:26:29]} 8.
g4 {[%clk 1:32:47]} b5 {[%clk 1:22:39]} 9. e5 {[%clk 1:26:29]} dxe5 {[%clk
1:20:00]} 10. Qxd8+ {[%clk 1:26:53]} Kxd8 {[%clk 1:20:25]} 11. g5 {[%clk
1:27:13]} Nfd7 {[%clk 1:19:06]} 12. Bf3 {[%clk 1:27:34]} Ra7 {[%clk 1:18:56]}
13. Be3 {[%clk 1:22:01]} Bb7 {[%clk 1:11:08]} 14. Bxb7 {[%clk 1:11:49]} Rxb7
{[%clk 1:11:30]} 15. O-O-O {[%clk 1:10:15]} Ke8 {[%clk 1:08:25]} 16. Ne4 {[%clk
1:00:15]} h6 {[%clk 1:01:50]} 17. h4 {[%clk 0:53:12]} hxg5 {[%clk 0:50:45]} 18.
hxg5 {[%clk 0:51:44]} Rxh1 {[%clk 0:51:06]} 19. Rxh1 {[%clk 0:52:10]} Rc7
{[%clk 0:51:13]} 20. Nbc5 {[%clk 0:41:57]} Nxc5 {[%clk 0:49:01]} 21. Nxc5
{[%clk 0:42:12]} a5 {[%clk 0:49:21]} 22. c4 {[%clk 0:40:09]} bxc4 {[%clk
0:43:24]} 23. Rh4 {[%clk 0:37:34]} Nd7 {[%clk 0:43:08]} 24. Nxd7 {[%clk
0:35:25]} Kxd7 {[%clk 0:41:59]} 25. Rh7 {[%clk 0:35:24]} Bf8 {[%clk 0:42:19]}
26. Rxf7 {[%clk 0:32:15]} Rc8 {[%clk 0:42:13]} 27. Bd2 {[%clk 0:32:10]} Ke6
{[%clk 0:40:09]} 28. Rf3 {[%clk 0:29:21]} a4 {[%clk 0:40:12]} 29. Ra3 {[%clk
0:28:15]} Ra8 {[%clk 0:39:15]} 30. Kd1 {[%clk 0:27:45]} Kd5 {[%clk 0:32:04]}
31. b3 {[%clk 0:27:19]} e6 {[%clk 0:32:16]} 32. Rxa4 {[%clk 0:26:58]} Rxa4
{[%clk 0:32:23]} 33. bxa4 {[%clk 0:27:24]} Bc5 {[%clk 0:32:47]} 34. Be3 {[%clk
0:27:29]} Bd4 {[%clk 0:32:46]} 35. a5 {[%clk 0:26:42]} Kc6 {[%clk 0:32:39]} 36.
a6 {[%clk 0:26:20]} Kb6 {[%clk 0:32:50]} 37. a7 {[%clk 0:23:45]} Kxa7 {[%clk
0:33:14]} 38. Kc2 {[%clk 0:21:46]} Ka6 {[%clk 0:32:36]} 39. Bd2 {[%clk
0:15:18]} Bxf2 {[%clk 0:28:35]} 40. a4 {[%clk 0:13:48]} e4 {[%clk 0:24:03]} 41.
Bc3 {[%clk 0:11:49]} Be3 {[%clk 0:06:27]} 42. Bf6 {[%clk 0:11:32]} Bb6 {[%clk
0:05:47]} 43. Bc3 {[%clk 0:04:31]} e3 {[%clk 0:03:02]} 44. Kd1 {[%clk 0:04:29]}
Ba5 {[%clk 0:02:53]} 45. Bd4 {[%clk 0:04:44]} Bd2 {[%clk 0:03:13]} 46. Ke2
{[%clk 0:02:03]} Ka5 {[%clk 0:03:29]} 47. Bxe3 {[%clk 0:02:11]} Bxe3 {[%clk
0:03:53]} 48. Kxe3 {[%clk 0:02:38]} Kxa4 {[%clk 0:04:19]} 49. Kd4 {[%clk
0:02:57]} Kb3 {[%clk 0:04:35]} 0-1

[Event "DEM U16 2021"]
[Site "Willingen GER"]
[Date "2021.08.26"]
[Round "5"]
[White "Lutz, Ruben"]
[Black "Bui, Bao Anh Le"]
[Result "0-1"]
[Termination "normal"]
[Board "9"]
[WhiteElo "2108"]
[BlackElo "2179"]
[WhiteClock "00:10:34"]
[BlackClock "00:08:03"]
[PlyCount "108"]
[WhiteFideId "12975974"]
[BlackFideId "12970719"]
[EventCountry "GER"]
[EventRounds "9"]
[EventType "swiss"]
[EventDate "2021.08.22"]

1. d4 {[%clk 1:30:56]} d5 {[%clk 1:30:30]} 2. c4 {[%clk 1:31:18]} dxc4 {[%clk
1:30:31]} 3. Nf3 {[%clk 1:31:30]} Nf6 {[%clk 1:30:17]} 4. e3 {[%clk 1:31:50]}
a6 {[%clk 1:29:59]} 5. Bxc4 {[%clk 1:31:58]} e6 {[%clk 1:30:16]} 6. Nc3 {[%clk
1:31:55]} c5 {[%clk 1:29:57]} 7. O-O {[%clk 1:32:12]} Nc6 {[%clk 1:28:40]} 8.
Ne5 {[%clk 1:30:20]} Qc7 {[%clk 1:19:56]} 9. Nxc6 {[%clk 1:30:08]} Qxc6 {[%clk
1:17:45]} 10. Be2 {[%clk 1:30:08]} Be7 {[%clk 1:11:28]} 11. dxc5 {[%clk
1:21:28]} Bxc5 {[%clk 1:07:12]} 12. Bf3 {[%clk 1:13:36]} Qc7 {[%clk 1:05:37]}
13. Bd2 {[%clk 1:13:50]} O-O {[%clk 0:59:35]} 14. Rc1 {[%clk 1:12:01]} Qe7
{[%clk 0:53:27]} 15. Na4 {[%clk 1:10:39]} Bd6 {[%clk 0:36:04]} 16. Nb6 {[%clk
0:45:04]} Rb8 {[%clk 0:36:01]} 17. Nc4 {[%clk 0:40:36]} Bc7 {[%clk 0:24:04]}
18. Qb3 {[%clk 0:33:47]} Rd8 {[%clk 0:10:43]} 19. Bb4 {[%clk 0:32:45]} Qe8
{[%clk 0:11:02]} 20. Na5 {[%clk 0:29:28]} Be5 {[%clk 0:05:13]} 21. Bc3 {[%clk
0:22:26]} Bxc3 {[%clk 0:02:54]} 22. Rxc3 {[%clk 0:21:50]} Nd5 {[%clk 0:02:28]}
23. Rd3 {[%clk 0:16:17]} b6 {[%clk 0:02:35]} 24. Nc4 {[%clk 0:05:10]} Bb7
{[%clk 0:02:49]} 25. Rfd1 {[%clk 0:04:31]} Bc6 {[%clk 0:03:08]} 26. Qa3 {[%clk
0:01:00]} f6 {[%clk 0:01:03]} 27. b3 {[%clk 0:00:49]} b5 {[%clk 0:01:10]} 28.
Na5 {[%clk 0:00:53]} b4 {[%clk 0:01:13]} 29. Qb2 {[%clk 0:00:57]} Bb5 {[%clk
0:01:38]} 30. Nc4 {[%clk 0:00:37]} Nc3 {[%clk 0:01:29]} 31. R1d2 {[%clk
0:00:34]} Rxd3 {[%clk 0:01:31]} 32. Rxd3 {[%clk 0:01:01]} Rd8 {[%clk 0:01:56]}
33. Rxd8 {[%clk 0:00:38]} Qxd8 {[%clk 0:02:22]} 34. a4 {[%clk 0:00:34]} Bxc4
{[%clk 0:00:52]} 35. bxc4 {[%clk 0:01:01]} a5 {[%clk 0:00:59]} 36. Qb3 {[%clk
0:00:43]} Qd3 {[%clk 0:01:15]} 37. Qb2 {[%clk 0:00:32]} Qxc4 {[%clk 0:01:31]}
38. Qc2 {[%clk 0:00:31]} Qa2 {[%clk 0:01:03]} 39. Qxa2 {[%clk 0:00:34]} Nxa2
{[%clk 0:01:32]} 40. Bd1 {[%clk 0:00:39]} Nc1 {[%clk 0:00:57]} 41. Kf1 {[%clk
0:28:54]} Kf7 {[%clk 0:25:33]} 42. Ke1 {[%clk 0:28:26]} Nd3+ {[%clk 0:24:56]}
43. Ke2 {[%clk 0:21:47]} Nc5 {[%clk 0:25:16]} 44. f3 {[%clk 0:21:10]} e5 {[%clk
0:20:11]} 45. e4 {[%clk 0:18:59]} Ke6 {[%clk 0:18:03]} 46. Kd2 {[%clk 0:16:59]}
Kd6 {[%clk 0:16:24]} 47. g3 {[%clk 0:15:39]} Ne6 {[%clk 0:12:55]} 48. Kd3
{[%clk 0:15:24]} Kc5 {[%clk 0:12:54]} 49. h4 {[%clk 0:11:51]} g5 {[%clk
0:07:30]} 50. h5 {[%clk 0:10:18]} h6 {[%clk 0:07:53]} 51. Bb3 {[%clk 0:09:47]}
Nd4 {[%clk 0:08:12]} 52. Bd1 {[%clk 0:10:11]} b3 {[%clk 0:07:34]} 53. Kc3
{[%clk 0:10:16]} b2 {[%clk 0:07:39]} 54. Kxb2 {[%clk 0:10:34]} Kc4 {[%clk
0:08:03]} 0-1

[Event "DEM U16 2021"]
[Site "Willingen GER"]
[Date "2021.08.26"]
[Round "5"]
[White "Rohde, Niclas"]
[Black "Ponomarev, Maximilian"]
[Result "1/2-1/2"]
[Termination "normal"]
[Board "10"]
[WhiteElo "1591"]
[BlackElo "1940"]
[WhiteClock "00:11:13"]
[BlackClock "00:03:29"]
[PlyCount "52"]
[WhiteFideId "16230205"]
[BlackFideId "16216768"]
[EventCountry "GER"]
[EventRounds "9"]
[EventType "swiss"]
[EventDate "2021.08.22"]

1. e4 {[%clk 1:30:54]} c5 {[%clk 1:30:49]} 2. Nf3 {[%clk 1:31:09]} e6 {[%clk
1:30:52]} 3. d4 {[%clk 1:31:00]} cxd4 {[%clk 1:30:26]} 4. Nxd4 {[%clk 1:31:18]}
a6 {[%clk 1:30:28]} 5. Nc3 {[%clk 1:30:43]} Qc7 {[%clk 1:30:07]} 6. Bd3 {[%clk
1:29:09]} Bc5 {[%clk 1:28:33]} 7. Nde2 {[%clk 1:22:37]} Nf6 {[%clk 1:23:21]} 8.
O-O {[%clk 1:20:21]} O-O {[%clk 1:20:54]} 9. Ng3 {[%clk 1:15:35]} h6 {[%clk
1:04:51]} 10. Nh5 {[%clk 1:07:14]} Qe5 {[%clk 0:51:18]} 11. Nxf6+ {[%clk
1:06:32]} Qxf6 {[%clk 0:51:45]} 12. Kh1 {[%clk 0:58:30]} d6 {[%clk 0:47:21]}
13. f4 {[%clk 0:54:33]} Bd4 {[%clk 0:37:27]} 14. Ne2 {[%clk 0:46:05]} Ba7
{[%clk 0:24:55]} 15. Ng3 {[%clk 0:40:35]} Nd7 {[%clk 0:17:21]} 16. Nh5 {[%clk
0:24:42]} Qe7 {[%clk 0:15:44]} 17. Qg4 {[%clk 0:24:19]} f5 {[%clk 0:14:24]} 18.
exf5 {[%clk 0:22:32]} exf5 {[%clk 0:13:53]} 19. Bxf5 {[%clk 0:19:22]} Nf6
{[%clk 0:12:42]} 20. Nxf6+ {[%clk 0:18:56]} Qxf6 {[%clk 0:12:58]} 21. Bxc8
{[%clk 0:19:16]} Raxc8 {[%clk 0:13:00]} 22. c3 {[%clk 0:17:00]} d5 {[%clk
0:09:55]} 23. Qf3 {[%clk 0:15:04]} Rcd8 {[%clk 0:06:18]} 24. Be3 {[%clk
0:10:36]} Bxe3 {[%clk 0:04:39]} 25. Qxe3 {[%clk 0:10:59]} d4 {[%clk 0:03:03]}
26. cxd4 {[%clk 0:11:13]} Rxd4 {[%clk 0:03:29]} 1/2-1/2

[Event "DEM U16 2021"]
[Site "Willingen GER"]
[Date "2021.08.26"]
[Round "5"]
[White "Klugstedt, Vincent C."]
[Black "Bornholdt, Joa Max"]
[Result "1/2-1/2"]
[Termination "normal"]
[Board "11"]
[WhiteElo "1932"]
[BlackElo "1993"]
[WhiteClock "00:11:44"]
[BlackClock "00:10:30"]
[PlyCount "113"]
[WhiteFideId "16216393"]
[BlackFideId "16253477"]
[EventCountry "GER"]
[EventRounds "9"]
[EventType "swiss"]
[EventDate "2021.08.22"]

1. d4 {[%clk 1:30:58]} Nf6 {[%clk 1:30:45]} 2. c4 {[%clk 1:31:20]} g6 {[%clk
1:31:11]} 3. Nc3 {[%clk 1:31:40]} Bg7 {[%clk 1:31:37]} 4. e4 {[%clk 1:31:19]}
d6 {[%clk 1:32:02]} 5. f3 {[%clk 1:30:58]} O-O {[%clk 1:31:29]} 6. Be3 {[%clk
1:31:04]} e5 {[%clk 1:31:42]} 7. d5 {[%clk 1:30:16]} Nh5 {[%clk 1:32:06]} 8.
Qd2 {[%clk 1:20:13]} f5 {[%clk 1:32:11]} 9. O-O-O {[%clk 1:18:29]} Nd7 {[%clk
1:32:24]} 10. Bd3 {[%clk 1:12:58]} Ndf6 {[%clk 1:30:57]} 11. Nge2 {[%clk
1:08:31]} a6 {[%clk 1:29:27]} 12. Kb1 {[%clk 1:08:21]} Bd7 {[%clk 1:28:27]} 13.
h3 {[%clk 1:02:58]} b5 {[%clk 1:06:01]} 14. exf5 {[%clk 0:53:57]} bxc4 {[%clk
1:05:28]} 15. Bxc4 {[%clk 0:53:08]} gxf5 {[%clk 0:59:02]} 16. g4 {[%clk
0:51:40]} f4 {[%clk 0:58:40]} 17. Bf2 {[%clk 0:51:32]} Ng3 {[%clk 0:56:39]} 18.
Bxg3 {[%clk 0:51:11]} fxg3 {[%clk 0:57:03]} 19. Nxg3 {[%clk 0:51:27]} Qe8
{[%clk 0:55:41]} 20. Rde1 {[%clk 0:49:25]} Qg6+ {[%clk 0:50:42]} 21. Bd3 {[%clk
0:46:44]} Bh6 {[%clk 0:48:02]} 22. Qc2 {[%clk 0:46:00]} Qg7 {[%clk 0:45:35]}
23. g5 {[%clk 0:39:48]} Qxg5 {[%clk 0:43:10]} 24. Nce4 {[%clk 0:29:50]} Nxe4
25. Nxe4 {[%clk 0:28:36]} Qd8 {[%clk 0:40:49]} 26. h4 {[%clk 0:26:24]} Bf5
{[%clk 0:34:09]} 27. Ng5 {[%clk 0:21:44]} Bxg5 {[%clk 0:30:30]} 28. hxg5 {[%clk
0:16:36]} Qd7 {[%clk 0:29:34]} 29. Be4 {[%clk 0:14:32]} Bxe4 {[%clk 0:23:04]}
30. fxe4 {[%clk 0:12:29]} Rf4 {[%clk 0:18:30]} 31. Reg1 {[%clk 0:11:29]} Qg7
{[%clk 0:16:27]} 32. Rc1 {[%clk 0:07:55]} Rc8 {[%clk 0:08:22]} 33. Rh6 {[%clk
0:07:09]} Qxg5 {[%clk 0:07:20]} 34. Rxd6 {[%clk 0:05:21]} cxd6 {[%clk 0:06:50]}
35. Qxc8+ {[%clk 0:05:37]} Rf8 {[%clk 0:06:15]} 36. Qe6+ {[%clk 0:05:34]} Kh8
{[%clk 0:06:43]} 37. Qxd6 {[%clk 0:05:49]} Qf4 {[%clk 0:07:12]} 38. Qb4 {[%clk
0:05:28]} h5 {[%clk 0:06:56]} 39. Rh1 {[%clk 0:04:55]} Kg7 {[%clk 0:06:28]} 40.
Qb7+ {[%clk 0:04:44]} Rf7 {[%clk 0:06:50]} 41. Rg1+ {[%clk 0:03:57]} Kh7 {[%clk
0:07:14]} 42. Qb4 {[%clk 0:02:12]} Qe3 {[%clk 0:04:46]} 43. Re1 {[%clk
0:25:38]} Qd3+ {[%clk 0:33:51]} 44. Ka1 {[%clk 0:25:59]} h4 {[%clk 0:33:42]}
45. a3 {[%clk 0:22:35]} h3 {[%clk 0:32:49]} 46. Qd6 {[%clk 0:22:04]} Qg3 {[%clk
0:30:56]} 47. Rc1 {[%clk 0:20:09]} h2 {[%clk 0:27:43]} 48. Qe6 {[%clk 0:20:08]}
Qf3 {[%clk 0:27:26]} 49. Ka2 {[%clk 0:19:29]} Rg7 {[%clk 0:19:24]} 50. d6
{[%clk 0:17:42]} h1=Q {[%clk 0:15:54]} 51. Qf5+ {[%clk 0:15:57]} Qxf5 {[%clk
0:09:18]} 52. Rxh1+ {[%clk 0:16:19]} Kg6 {[%clk 0:09:44]} 53. exf5+ {[%clk
0:16:10]} Kxf5 {[%clk 0:10:13]} 54. Kb3 {[%clk 0:13:07]} Rd7 {[%clk 0:10:00]}
55. Rh6 {[%clk 0:11:51]} Kg5 {[%clk 0:10:10]} 56. Re6 {[%clk 0:12:06]} Kf5
{[%clk 0:10:30]} 57. Rh6 {[%clk 0:11:44]} 1/2-1/2

[Event "DEM U16 2021"]
[Site "Willingen GER"]
[Date "2021.08.26"]
[Round "5"]
[White "Tovmasyan, Minas"]
[Black "Kulm, Justin"]
[Result "1-0"]
[Termination "normal"]
[Board "12"]
[WhiteElo "1869"]
[BlackElo "1628"]
[WhiteClock "00:02:10"]
[BlackClock "00:00:39"]
[PlyCount "69"]
[WhiteFideId "16247620"]
[BlackFideId "34603565"]
[EventCountry "GER"]
[EventRounds "9"]
[EventType "swiss"]
[EventDate "2021.08.22"]

1. d4 {[%clk 1:30:56]} Nf6 {[%clk 1:30:46]} 2. c4 {[%clk 1:31:20]} g6 {[%clk
1:31:10]} 3. Nc3 {[%clk 1:31:45]} d5 {[%clk 1:31:35]} 4. cxd5 {[%clk 1:31:50]}
Nxd5 {[%clk 1:31:55]} 5. Bd2 {[%clk 1:32:15]} Bg7 {[%clk 1:30:56]} 6. e4 {[%clk
1:32:36]} Nxc3 {[%clk 1:30:22]} 7. Bxc3 {[%clk 1:33:01]} O-O {[%clk 1:28:13]}
8. Qd2 {[%clk 1:33:27]} Qd6 {[%clk 1:19:32]} 9. Nf3 {[%clk 1:25:21]} Bg4 {[%clk
1:10:58]} 10. Be2 {[%clk 1:20:19]} Rd8 {[%clk 1:01:36]} 11. e5 {[%clk 1:03:54]}
Qd5 {[%clk 0:49:45]} 12. h3 {[%clk 1:00:57]} Bf5 {[%clk 0:43:56]} 13. O-O
{[%clk 0:53:22]} c6 {[%clk 0:39:57]} 14. b3 {[%clk 0:46:32]} b5 {[%clk
0:36:40]} 15. Rac1 {[%clk 0:42:51]} Na6 {[%clk 0:25:12]} 16. Rfd1 {[%clk
0:30:55]} Nc7 {[%clk 0:17:43]} 17. Bb4 {[%clk 0:28:31]} Qd7 {[%clk 0:14:16]}
18. Ba5 {[%clk 0:16:43]} Rac8 {[%clk 0:06:48]} 19. Rc5 {[%clk 0:09:25]} Ne6
{[%clk 0:05:12]} 20. Bxd8 {[%clk 0:09:10]} Nxc5 {[%clk 0:05:05]} 21. dxc5
{[%clk 0:09:35]} Rxd8 {[%clk 0:04:48]} 22. Qa5 {[%clk 0:09:11]} Qxd1+ {[%clk
0:04:44]} 23. Bxd1 {[%clk 0:09:40]} Rxd1+ {[%clk 0:05:13]} 24. Kh2 {[%clk
0:09:45]} Rd7 {[%clk 0:04:20]} 25. Qb4 {[%clk 0:07:40]} f6 {[%clk 0:03:13]} 26.
Nd4 {[%clk 0:03:50]} fxe5 {[%clk 0:02:19]} 27. Nxc6 {[%clk 0:03:42]} Bh6 {[%clk
0:01:21]} 28. Nxe5 {[%clk 0:02:53]} a5 {[%clk 0:00:53]} 29. Qh4 {[%clk
0:01:46]} Rd5 {[%clk 0:00:40]} 30. Nc6 {[%clk 0:01:02]} Bf8 {[%clk 0:00:38]}
31. Nxe7+ {[%clk 0:01:13]} Bxe7 {[%clk 0:01:05]} 32. Qxe7 {[%clk 0:01:34]} Bd7
{[%clk 0:00:34]} 33. c6 {[%clk 0:01:40]} Bf5 {[%clk 0:00:37]} 34. c7 {[%clk
0:01:51]} Rd2 {[%clk 0:00:39]} 35. Qd8+ {[%clk 0:02:10]} 1-0